Oxford economic papers

Guardado en:
Detalles Bibliográficos
Formato: Seriadas
Lenguaje:inglés
Publicado: Oxford Oxford University Press 2002
Materias:
Etiquetas: Agregar Etiqueta
Sin Etiquetas, Sea el primero en etiquetar este registro!

MARC

LEADER 00000nas2a22000001 4500
001 0039421
005 20230711094439.7
022 |a 0030-7653 
041 0 |a eng 
044 |a GB 
245 1 0 |a Oxford economic papers 
264 1 |a Oxford  |b Oxford University Press  |c 2002 
773 0 |w eu_un_cat*s120212 
610 2 0 |a ekonómia 
610 2 0 |a teórie ekonomické 
610 2 0 |a rozvoj hospodársky